| 000 | 00587cam a22002171 4500 | ||
|---|---|---|---|
| 001 | sa 66005266 | ||
| 003 | DLC | ||
| 005 | 20260227112248.0 | ||
| 008 | 781108s1965 ii f000 0 eng | ||
| 010 | _asa 66005266 | ||
| 025 | _aPL480:I-E-5896 | ||
| 035 | _a(OCoLC)4354910 | ||
| 040 |
_aDLC _cMH _dDLC |
||
| 042 | _apremarc | ||
| 050 | 0 | 0 |
_aHD9116.I4 _bA54 |
| 110 | 1 |
_aIndia (Republic). _bSugar Enquiry Commission. |
|
| 245 | 0 | 0 | _aReport. |
| 260 |
_a[Delhi, _bMinistry of Food and Agriculture, Govt. of India] _c1965. |
||
| 300 |
_a278 p. _c23 cm. |
||
| 650 | 0 |
_aSugar trade _zIndia. |
|
| 999 |
_c69877 _d69877 |
||